000 00538nam a2200181Ia 4500
008 090124s9999 xx 000 0 und d
082 _b27624
_a1829
100 _aओक सुनेत्रा.
245 _a ग्राहक संरक्षण
250 _a1
260 _c1994
300 _a56
600 _aओक सुनेत्रा.
630 _a ग्राहक संरक्षण
700 _aओक सुनेत्रा.
730 _a ग्राहक संरक्षण
942 _cBOOK
999 _c141089
_d141089